[Event "Campeonato de España por Equip"]
[Site "Granada, Hotel Corona de Grana"]
[Date "2010.08.07"]
[Round "5"]
[White "FERNANDEZ GIL, Marco Antonio"]
[Black "CARBONELL BOFILL, Carlos Eloy"]
[Result "1-0"]
[WhiteElo "2247"]
[BlackElo "2233"]
[PlyCount "105"]
[EventDate "2010.08.04"]
[EventType "team"]
[EventRounds "6"]
[EventCountry "ESP"]
[WhiteTeam "C.A. Alzicapital B"]
[BlackTeam "Main Memory Silla B"]

1. e4 e6 2. d4 d5 3. exd5 exd5 4. Nf3 Bg4 5. h3 Bh5 6. Qe2+ Qe7 7. Be3 Nc6 8.
Nc3 O-O-O 9. g4 Bg6 10. O-O-O Nf6 11. Ne5 Qe6 12. f4 Nxe5 13. dxe5 Be4 14. Rg1
Nd7 15. Nxe4 dxe4 16. Qc4 Nc5 17. Rxd8+ Kxd8 18. Be2 c6 19. Rd1+ Kc8 20. Kb1
Qxc4 21. Bxc4 f6 22. b4 b5 23. Bf7 Nb7 24. Be6+ Kb8 25. a3 a5 26. c3 axb4 27.
axb4 c5 28. Rd5 Kc7 29. Bf5 cxb4 30. cxb4 Bxb4 31. Rxb5 Be7 32. Bxe4 Nd8 33.
Bb6+ Kd7 34. Rd5+ Kc8 35. Bf5+ Kb7 36. Be3 g6 37. Rd7+ Kc6 38. Rxe7 gxf5 39.
gxf5 fxe5 40. fxe5 Kd5 41. Rd7+ Ke4 42. Bg5 Nc6 43. Bf6 Rb8+ 44. Kc1 h5 45. Rd6
Nd4 46. e6 Nxf5 47. Rd7 h4 48. e7 Rc8+ 49. Kd2 Ne3 50. Rd4+ Kf3 51. Rd8 Rc6 52.
e8=Q Nf1+ 53. Kd3 1-0

[Event "Campeonato de España por Equip"]
[Site "Granada, Hotel Corona de Grana"]
[Date "2010.08.07"]
[Round "5"]
[White "GIMENO HIGUERAS, Roberto"]
[Black "SANCHEZ BOTELLA, Luis Javier"]
[Result "1/2-1/2"]
[WhiteElo "2183"]
[BlackElo "2212"]
[PlyCount "125"]
[EventDate "2010.08.04"]
[EventType "team"]
[EventRounds "6"]
[EventCountry "ESP"]
[WhiteTeam "Main Memory Silla B"]
[BlackTeam "C.A. Alzicapital B"]

1. e4 c5 2. c3 d5 3. exd5 Qxd5 4. d4 Nf6 5. Nf3 Nc6 6. Be2 e6 7. O-O cxd4 8.
cxd4 Be7 9. h3 O-O 10. Be3 a6 11. Nc3 Qd6 12. Qb3 b5 13. a3 Bb7 14. Rfd1 Rac8
15. Rac1 h6 16. Qa2 Rfd8 17. b4 Bf8 18. Qd2 Qb8 19. Bf1 Ne7 20. Ne5 Ned5 21.
Nxd5 Bxd5 22. Rxc8 Rxc8 23. Rc1 Ne4 24. Rxc8 Qxc8 25. Qc1 Qxc1 26. Bxc1 f6 27.
Nd7 Kf7 28. f3 Nc3 29. Kf2 Ke8 30. Nc5 Bxc5 31. dxc5 Kd7 32. Bd3 e5 33. Bd2
Nd1+ 34. Kg3 Nb2 35. Bf5+ Be6 36. Be4 Nc4 37. Bc1 f5 38. Bd3 Kc6 39. Bxc4 bxc4
40. Bb2 Kd5 41. f4 exf4+ 42. Kxf4 g5+ 43. Ke3 f4+ 44. Kf3 Bf5 45. Bg7 h5 46.
Bh6 Be4+ 47. Kf2 g4 48. hxg4 hxg4 49. Bxf4 Kd4 50. g3 Kd3 51. Ke1 Bc6 52. Kd1
Kc3 53. Bd2+ Kb3 54. Kc1 Be4 55. Be1 Kxa3 56. Kd2 Kb3 57. Ke3 Bc6 58. Kd4 Bb5
59. Bd2 Bc6 60. Be1 Bb5 61. Bd2 Kc2 62. Bc3 Kb3 63. Bd2 1/2-1/2

[Event "Campeonato de España por Equip"]
[Site "Granada, Hotel Corona de Grana"]
[Date "2010.08.07"]
[Round "5"]
[White "SANCHEZ SAEZ, Francisco"]
[Black "NAVARRO LOPEZ-MENCHERO, Daniel"]
[Result "1-0"]
[WhiteElo "2195"]
[BlackElo "2115"]
[PlyCount "33"]
[EventDate "2010.08.04"]
[EventType "team"]
[EventRounds "6"]
[EventCountry "ESP"]
[WhiteTeam "C.A. Alzicapital B"]
[BlackTeam "Main Memory Silla B"]

1. e4 c5 2. Nf3 d6 3. d4 cxd4 4. Nxd4 Nf6 5. Nc3 a6 6. Be3 Ng4 7. Bg5 h6 8. Bh4
g5 9. Bg3 Bg7 10. Qd2 Nc6 11. Nb3 b5 12. O-O-O Nge5 13. f4 Nc4 14. Qd5 Nb4 15.
Qxa8 Nb6 16. Bxb5+ axb5 17. Qa5 1-0

[Event "Campeonato de España por Equip"]
[Site "Granada, Hotel Corona de Grana"]
[Date "2010.08.07"]
[Round "5"]
[White "ESPINOSA MARI, Juan Jose"]
[Black "SOLA PORCUNA, Francisco"]
[Result "0-1"]
[WhiteElo "1904"]
[BlackElo "1913"]
[PlyCount "62"]
[EventDate "2010.08.04"]
[EventType "team"]
[EventRounds "6"]
[EventCountry "ESP"]
[WhiteTeam "Main Memory Silla B"]
[BlackTeam "C.A. Alzicapital B"]

1. e4 c5 2. Nf3 Nc6 3. d4 cxd4 4. Nxd4 g6 5. c4 Bg7 6. Be3 d6 7. Nc3 Nf6 8. Be2
Ng4 9. Nxc6 Nxe3 10. Nxd8 Nxd1 11. Rxd1 Bxc3+ 12. bxc3 Kxd8 13. c5 Kc7 14.
cxd6+ exd6 15. f3 Be6 16. Rd2 Rhd8 17. Kf2 d5 18. e5 Rac8 19. Rhd1 Rf8 20. Rb2
Kb8 21. Rc1 Rc5 22. Ke3 Rfc8 23. Kd4 Ra5 24. Ra1 Ra4+ 25. Rb4 Ra3 26. Rb3 Ra4+
27. Rb4 Ra3 28. c4 dxc4 29. Bxc4 Rd8+ 30. Kc5 Rc3 31. Rab1 Rd5# 0-1

[Event "Campeonato de España por Equip"]
[Site "Granada, Hotel Corona de Grana"]
[Date "2010.08.08"]
[Round "6"]
[White "VALLEJO DIAZ, Javier"]
[Black "CAMACHO COLLADOS, Jose"]
[Result "0-1"]
[WhiteElo "2339"]
[BlackElo "2394"]
[PlyCount "88"]
[EventDate "2010.08.04"]
[EventType "team"]
[EventRounds "6"]
[EventCountry "ESP"]
[WhiteTeam "C.A. Amigos del Retiro"]
[BlackTeam "C.A. Motril"]

1. e4 e5 2. Nf3 Nf6 3. Nxe5 d6 4. Nf3 Nxe4 5. Nc3 Nxc3 6. dxc3 Nc6 7. Bf4 Be7
8. Qd2 Be6 9. O-O-O Qd7 10. Kb1 O-O-O 11. Bb5 a6 12. Bd3 h6 13. Rhe1 Rhe8 14.
Nd4 Nxd4 15. cxd4 Qa4 16. d5 Bxd5 17. Bf5+ Be6 18. Bxe6+ fxe6 19. Rxe6 Bf6 20.
Rde1 Qb5 21. c4 Qf5+ 22. Qc2 Qxe6 23. Rxe6 Rxe6 24. Qf5 Rde8 25. Be3 Kd8 26.
Qd5 Kc8 27. Qf5 Kb8 28. a3 Re5 29. Qg6 R8e7 30. Qh7 b5 31. Qd3 bxc4 32. Qxc4
Rb5 33. b4 Ree5 34. a4 d5 35. Qd4 Rb6 36. Qd2 d4 37. Bf4 Ree6 38. b5 axb5 39.
a5 Rbc6 40. Qb4 Ka7 41. a6 Re2 42. Qa5 Rxf2 43. Bxc7 Rf1+ 44. Ka2 Rxa6 0-1

[Event "Campeonato de España por Equip"]
[Site "Granada, Hotel Corona de Grana"]
[Date "2010.08.08"]
[Round "6"]
[White "CAMACHO COLLADOS, Marcos"]
[Black "PEREZ GONZALEZ, Jose Manuel"]
[Result "1-0"]
[WhiteElo "2292"]
[BlackElo "2324"]
[PlyCount "111"]
[EventDate "2010.08.04"]
[EventType "team"]
[EventRounds "6"]
[EventCountry "ESP"]
[WhiteTeam "C.A. Motril"]
[BlackTeam "C.A. Amigos del Retiro"]

1. e4 d6 2. d4 Nf6 3. Nc3 g6 4. Nf3 Bg7 5. h3 O-O 6. Be3 a6 7. a4 b6 8. Be2 Bb7
9. d5 c6 10. O-O Nbd7 11. Re1 cxd5 12. exd5 Rc8 13. Bd4 Rc7 14. Bf1 Re8 15. Qd2
Qa8 16. Rad1 Bf8 17. Be3 Rec8 18. Bh6 Bxh6 19. Qxh6 Nf8 20. Qg5 h6 21. Qd2 Re8
22. b3 Kg7 23. Bc4 N8d7 24. Qd4 Qd8 25. Re3 Nc5 26. Rde1 Qd7 27. Rd1 Kh7 28.
Kh2 Rb8 29. Rde1 Ng8 30. Qh4 Bc8 31. Nd4 Bb7 32. Qf4 Kg7 33. Rg3 Rf8 34. Nf5+
Kh7 35. Rxe7 Qxe7 36. Nxe7 Nxe7 37. Qxd6 Rfc8 38. Qxb6 Nd7 39. Qb4 Nf5 40. d6
a5 41. Qb5 Nxd6 42. Qxa5 Nxc4 43. bxc4 Rxc4 44. Qb5 R4c7 45. a5 Bc6 46. Qb4 Bb7
47. Qd4 Nf8 48. Nd5 Bxd5 49. Qxd5 Ne6 50. a6 Rd8 51. Qa5 Ra7 52. Qb6 Rda8 53.
Ra3 Nc7 54. c4 Nxa6 55. c5 Rc7 56. Rxa6 1-0

[Event "Campeonato de España por Equip"]
[Site "Granada, Hotel Corona de Grana"]
[Date "2010.08.08"]
[Round "6"]
[White "SANCHEZ GONZALEZ, Sergio"]
[Black "GARCIA RODRIGUEZ, Victor"]
[Result "0-1"]
[WhiteElo "2311"]
[BlackElo "2224"]
[PlyCount "156"]
[EventDate "2010.08.04"]
[EventType "team"]
[EventRounds "6"]
[EventCountry "ESP"]
[WhiteTeam "C.A. Amigos del Retiro"]
[BlackTeam "C.A. Motril"]

1. c4 Nf6 2. Nc3 g6 3. e4 e5 4. Nf3 d6 5. d4 exd4 6. Nxd4 Bg7 7. Be2 O-O 8. O-O
Re8 9. f3 Nfd7 10. Be3 Nc5 11. Qd2 Ne6 12. Nc2 Nc6 13. Rad1 Ne7 14. b3 Nc6 15.
b4 b6 16. f4 Nf8 17. b5 Ne7 18. Bf3 Bb7 19. f5 Nd7 20. f6 Nxf6 21. e5 Bxf3 22.
exf6 Bxd1 23. fxe7 Qxe7 24. Rxd1 Qh4 25. Bd4 Be5 26. Bxe5 Rxe5 27. Qd4 Qg5 28.
Nd5 Rae8 29. Rf1 f5 30. Qf4 Qxf4 31. Rxf4 Kf7 32. Nxc7 Rc8 33. Na6 d5 34. Nab4
dxc4 35. a4 Rc7 36. Nc6 Re4 37. Rxe4 fxe4 38. Kf2 a6 39. Ke3 axb5 40. axb5 Rc8
41. Kxe4 Re8+ 42. Kf3 Ke6 43. Ke3 Kd5+ 44. Kd2 Kc5 45. N6d4 Re4 46. Kc3 h6 47.
g3 g5 48. Nf5 Re2 49. h4 gxh4 50. gxh4 Rh2 51. Ncd4 Rh3+ 52. Kc2 Kb4 53. Kd2
c3+ 54. Kc2 Kc4 55. Ne2 Rh2 56. Ne3+ Kxb5 57. Kd3 Rxh4 58. Nxc3+ Kc5 59. Ne4+
Kc6 60. Nf5 Rh1 61. Kd4 h5 62. Neg3 Rh2 63. Ke3 b5 64. Nf1 Rh3+ 65. Kf2 b4 66.
N1g3 Rh2+ 67. Ke3 Kd5 68. Kd3 Rh3 69. Ne3+ Ke5 70. Ngf1 b3 71. Kd2 Kd4 72. Nf5+
Kc4 73. N1e3+ Kb4 74. Nd4 Rxe3 75. Kxe3 b2 76. Nc2+ Kb3 77. Nd4+ Kc3 78. Ne2+
Kc4 0-1

[Event "Campeonato de España por Equip"]
[Site "Granada, Hotel Corona de Grana"]
[Date "2010.08.08"]
[Round "6"]
[White "BARRERO GARCIA, Carlos"]
[Black "CABRERA, Alexis"]
[Result "0-1"]
[WhiteElo "2406"]
[BlackElo "2533"]
[PlyCount "94"]
[EventDate "2010.08.04"]
[EventType "team"]
[EventRounds "6"]
[EventCountry "ESP"]
[WhiteTeam "C.A. La Merced de Huelva"]
[BlackTeam "C.A. Mislata"]

1. Nf3 c5 2. b3 Nf6 3. Bb2 e6 4. e3 Be7 5. g4 O-O 6. Rg1 d5 7. Bd3 Nc6 8. g5
Ne4 9. Bxe4 dxe4 10. Ne5 Nxe5 11. Bxe5 Qd5 12. Bf6 Bxf6 13. gxf6 g6 14. Nc3 Qe5
15. Qg4 Qxf6 16. Qxe4 Rb8 17. f4 Qh4+ 18. Rg3 b5 19. O-O-O Bb7 20. Qe5 b4 21.
Na4 c4 22. bxc4 Qxh2 23. f5 Qh5 24. Nc5 Qxf5 25. Qxf5 exf5 26. Nd7 Rbc8 27.
Nxf8 Kxf8 28. d3 h5 29. Kb2 Ke7 30. c3 h4 31. Rh3 bxc3+ 32. Kxc3 g5 33. Rg1 Kf6
34. Kb4 Rh8 35. Kc5 g4 36. Rh2 h3 37. Kd6 Kg5 38. d4 Bf3 39. d5 f4 40. Kc7 g3
41. d6 Kh4 42. Rb2 h2 43. Rc1 g2 44. Rxg2 Bxg2 45. exf4 h1=Q 46. Rxh1+ Bxh1 47.
d7 Kg4 0-1

[Event "Campeonato de España por Equip"]
[Site "Granada, Hotel Corona de Grana"]
[Date "2010.08.08"]
[Round "6"]
[White "GARCIA ROMAN, Daniel"]
[Black "BIEDMA MARTIN, Enrique"]
[Result "0-1"]
[WhiteElo "2411"]
[BlackElo "2265"]
[PlyCount "102"]
[EventDate "2010.08.04"]
[EventType "team"]
[EventRounds "6"]
[EventCountry "ESP"]
[WhiteTeam "C.A. Mislata"]
[BlackTeam "C.A. La Merced de Huelva"]

1. d4 Nf6 2. c4 e6 3. Nf3 d5 4. Nc3 Be7 5. Bg5 O-O 6. e3 h6 7. Bh4 Nbd7 8. Rc1
c6 9. Bd3 dxc4 10. Bxc4 b5 11. Bd3 a6 12. O-O c5 13. Bb1 cxd4 14. Qxd4 Bb7 15.
Rfd1 Rc8 16. Ne4 Rxc1 17. Rxc1 Nxe4 18. Bxe4 e5 19. Qd3 Bxe4 20. Qxe4 Bxh4 21.
Qxh4 Qa5 22. Qe7 Nf6 23. a3 e4 24. Nd4 Qd2 25. Rb1 Rc8 26. h3 Rc1+ 27. Rxc1
Qxc1+ 28. Kh2 Qxb2 29. Kg1 Qa1+ 30. Kh2 Qa2 31. Kg1 Qd5 32. Qa7 Qd6 33. Qa8+
Kh7 34. Qc8 g6 35. Qb7 Kg8 36. g3 Nd5 37. Qc8+ Kh7 38. Kg2 h5 39. Qa8 Nf6 40.
Qc8 Nd7 41. Qe8 Ne5 42. Qa8 Kh6 43. Qxe4 Kh7 44. Nf3 Nc4 45. a4 Kg7 46. axb5
Qc5 47. Nd4 axb5 48. Qe7 Nd6 49. Kg1 Qd5 50. Qxd6 Qc4 51. Qe5+ Kh7 0-1

[Event "Campeonato de España por Equip"]
[Site "Granada, Hotel Corona de Grana"]
[Date "2010.08.08"]
[Round "6"]
[White "SANCHEZ ROMERO, Miquel Angel"]
[Black "GOMEZ REBOLLO, Alfonso Carlos"]
[Result "0-1"]
[WhiteElo "2212"]
[BlackElo "2164"]
[PlyCount "98"]
[EventDate "2010.08.04"]
[EventType "team"]
[EventRounds "6"]
[EventCountry "ESP"]
[WhiteTeam "C.A. Mislata"]
[BlackTeam "C.A. La Merced de Huelva"]

1. e4 c5 2. Nf3 d6 3. Bb5+ Bd7 4. Bxd7+ Qxd7 5. O-O Nf6 6. e5 dxe5 7. Nxe5 Qd6
8. Nc4 Qd8 9. b3 e6 10. Bb2 Nc6 11. a4 Be7 12. d3 O-O 13. Nbd2 Qc7 14. f4 Rad8
15. g3 b6 16. Nf3 Nd4 17. Rf2 Ng4 18. Rg2 h5 19. h3 Nf6 20. Nfe5 g6 21. g4 hxg4
22. hxg4 Nd5 23. Qd2 Bf6 24. g5 Bxe5 25. Nxe5 Qxe5 26. fxe5 Nf3+ 27. Kf1 Nxd2+
28. Rxd2 a5 29. d4 Ne3+ 30. Ke2 cxd4 31. Rc1 Nf5 32. c3 dxc3 33. Rxc3 Rxd2+ 34.
Kxd2 Rd8+ 35. Rd3 Rc8 36. Ba3 Kg7 37. Rd7 Rh8 38. Rb7 Rh2+ 39. Kc3 Rh3+ 40. Kc4
Ne3+ 41. Kb5 Nd5 42. Be7 Nxe7 43. Kxb6 Rxb3+ 44. Ka6 Rxb7 45. Kxb7 Kf8 46. Kb6
Ke8 47. Kxa5 Nc6+ 48. Kb6 Nxe5 49. Kc7 Nc4 0-1

[Event "Campeonato de España por Equip"]
[Site "Granada, Hotel Corona de Grana"]
[Date "2010.08.08"]
[Round "6"]
[White "ESPINOSA ARANDA, Angel"]
[Black "BOLADO SAEZ, Sergio"]
[Result "1-0"]
[WhiteElo "2397"]
[BlackElo "2308"]
[PlyCount "51"]
[EventDate "2010.08.04"]
[EventType "team"]
[EventRounds "6"]
[EventCountry "ESP"]
[WhiteTeam "C.D.E. Almagro"]
[BlackTeam "C.A. 64 Villalba"]

1. e4 c5 2. Nf3 d6 3. d4 cxd4 4. Nxd4 Nf6 5. Nc3 a6 6. Bg5 e6 7. f4 Nbd7 8. Qe2
Qc7 9. O-O-O Be7 10. g3 Nc5 11. Bg2 Bd7 12. Kb1 h6 13. Bh4 Rb8 14. e5 dxe5 15.
fxe5 Ng8 16. Rhf1 g5 17. Qh5 Rh7 18. Nd5 Qxe5 19. Nxe7 Nxe7 20. g4 Qxh2 21. Nf3
Qxg2 22. Nxg5 Ba4 23. Nxh7 Qxc2+ 24. Ka1 Qxh7 25. Qxc5 Ng6 26. Qc7 1-0

[Event "Campeonato de España por Equip"]
[Site "Granada, Hotel Corona de Grana"]
[Date "2010.08.08"]
[Round "6"]
[White "RENTERIA, Jorge"]
[Black "FERNANDEZ BARRERA, Victor"]
[Result "1/2-1/2"]
[WhiteElo "2263"]
[BlackElo "2326"]
[PlyCount "64"]
[EventDate "2010.08.04"]
[EventType "team"]
[EventRounds "6"]
[EventCountry "ESP"]
[WhiteTeam "C.A. 64 Villalba"]
[BlackTeam "C.D.E. Almagro"]

1. e4 c5 2. Nf3 Nc6 3. d4 cxd4 4. Nxd4 d6 5. c4 g6 6. Be2 Bg7 7. Nc2 Nh6 8. O-O
O-O 9. Nc3 f5 10. exf5 Nxf5 11. Bg5 h6 12. Bd2 Be6 13. Rc1 Rc8 14. b3 Kh7 15.
Bf3 Qd7 16. Be4 Rf7 17. Ne3 Ncd4 18. Nxf5 Bxf5 19. Be3 Nc6 20. Bxf5 Qxf5 21.
Qd2 a6 22. f3 Qa5 23. Rfd1 Ne5 24. Ne4 Qxd2 25. Rxd2 Rff8 26. Rcd1 Nd7 27. a4
Rc7 28. Kf2 Nf6 29. Nxf6+ Bxf6 30. Ke2 Be5 31. h3 h5 32. Rd3 g5 1/2-1/2

[Event "Campeonato de España por Equip"]
[Site "Granada, Hotel Corona de Grana"]
[Date "2010.08.08"]
[Round "6"]
[White "GARCIA MORAL GARCIA, Jose Danie"]
[Black "RODRIGUEZ YUSTE, Marcelo"]
[Result "1-0"]
[WhiteElo "2304"]
[BlackElo "2228"]
[PlyCount "91"]
[EventDate "2010.08.04"]
[EventType "team"]
[EventRounds "6"]
[EventCountry "ESP"]
[WhiteTeam "C.D.E. Almagro"]
[BlackTeam "C.A. 64 Villalba"]

1. e4 c5 2. Nf3 e6 3. d4 cxd4 4. Nxd4 Nf6 5. Nc3 Nc6 6. Nxc6 bxc6 7. Bd3 d5 8.
O-O Be7 9. Qe2 O-O 10. b3 Nd7 11. Bb2 Nc5 12. Rfd1 Nxd3 13. cxd3 f5 14. Na4 Bd7
15. Rac1 fxe4 16. dxe4 Rf7 17. Bd4 Bd6 18. e5 Ba3 19. Rc2 Qc7 20. Qe3 h6 21.
Bc5 Raf8 22. Rdc1 Bxc5 23. Nxc5 Rf5 24. Nd3 Qb6 25. Qc5 Qxc5 26. Rxc5 Be8 27.
Ra5 Bg6 28. Rxa7 Rg5 29. Nc5 Be4 30. g3 Rg6 31. Nxe4 dxe4 32. Re1 Rd8 33. Rxe4
Rd5 34. h4 h5 35. Rc7 c5 36. Rc4 Rxe5 37. R7xc5 Re1+ 38. Kg2 e5 39. Rc8+ Kh7
40. Re8 Rf6 41. Rc2 Rd6 42. Rb2 Rf6 43. Rc2 e4 44. Rb2 Rd6 45. Rc2 e3 46. Rc4
1-0

[Event "Campeonato de España por Equip"]
[Site "Granada, Hotel Corona de Grana"]
[Date "2010.08.08"]
[Round "6"]
[White "DE LOS SANTOS HONRUBIA, Maria"]
[Black "JIMENEZ MARTINEZ, Jose Vicente"]
[Result "0-1"]
[WhiteElo "2012"]
[BlackElo "2241"]
[PlyCount "82"]
[EventDate "2010.08.04"]
[EventType "team"]
[EventRounds "6"]
[EventCountry "ESP"]
[WhiteTeam "C.A. 64 Villalba"]
[BlackTeam "C.D.E. Almagro"]

1. e4 g6 2. d4 Bg7 3. c4 d6 4. Nc3 Nf6 5. Bg5 O-O 6. Qd2 Nc6 7. f4 h6 8. Bh4
Nh7 9. Nf3 Bg4 10. d5 Nb8 11. Bd3 c6 12. O-O Nd7 13. Rae1 Nc5 14. Bb1 Qc7 15.
Kh1 Rae8 16. h3 Bxf3 17. Rxf3 a5 18. Bf2 Nd7 19. b3 Nhf6 20. Bd4 e5 21. dxe6
Rxe6 22. g4 Ree8 23. Rf2 Re7 24. Rg2 Rfe8 25. h4 h5 26. gxh5 Nxh5 27. Bxg7 Kxg7
28. Reg1 Rh8 29. Qd4+ Ndf6 30. Qf2 Kf8 31. Rg5 Qd7 32. f5 Re5 33. Kg2 gxf5 34.
exf5 Qe7 35. Kf1 Re3 36. Ne2 Qe5 37. Bc2 Ke7 38. a4 d5 39. cxd5 cxd5 40. Ng3
Nf4 41. h5 Qa1+ 0-1

[Event "Campeonato de España por Equip"]
[Site "Granada, Hotel Corona de Grana"]
[Date "2010.08.08"]
[Round "6"]
[White "ALMAGRO LLAMAS, Pablo"]
[Black "IBANEZ AULLANA, Jose Ramon"]
[Result "1-0"]
[WhiteElo "2451"]
[BlackElo "2275"]
[PlyCount "97"]
[EventDate "2010.08.04"]
[EventType "team"]
[EventRounds "6"]
[EventCountry "ESP"]
[WhiteTeam "VT Ingenieria-Virgen de Atocha"]
[BlackTeam "C.A. Alzicapital B"]

1. e4 d5 2. exd5 Qxd5 3. Nc3 Qd6 4. d4 Nf6 5. Bc4 c6 6. Nge2 Nbd7 7. Bf4 Qb4 8.
Bb3 Nb6 9. O-O Nbd5 10. Nxd5 cxd5 11. Rc1 b5 12. Nc3 e6 13. Bd2 Qxd4 14. Nxb5
Qb6 15. c4 Bd7 16. Be3 Qb7 17. Bf4 Rc8 18. Qf3 Bxb5 19. cxb5 Be7 20. Rxc8+ Qxc8
21. Rc1 Qa8 22. Qe3 Bd8 23. Qc5 Ne4 24. Qb4 Bb6 25. Be3 Qb7 26. Rc6 Bxe3 27.
fxe3 Kd7 28. Ba4 Rc8 29. Rxc8 Kxc8 30. Qf8+ Kc7 31. Qxf7+ Kb6 32. Qxe6+ Ka5 33.
Bb3 Nf6 34. Qc6 Qxb5 35. Qxb5+ Kxb5 36. Kf2 a5 37. Kf3 Kc5 38. Kf4 Kb4 39. Bd1
Kc4 40. Be2+ Kc5 41. Ke5 Nd7+ 42. Ke6 Nb6 43. Kf7 Nc4 44. Bxc4 Kxc4 45. Ke6 d4
46. exd4 Kxd4 47. Kf7 Kd3 48. Kxg7 Kc2 49. Kxh7 1-0

[Event "Campeonato de España por Equip"]
[Site "Granada, Hotel Corona de Grana"]
[Date "2010.08.08"]
[Round "6"]
[White "FERNANDEZ GIL, Marco Antonio"]
[Black "ANTON GUIJARRO, David"]
[Result "0-1"]
[WhiteElo "2247"]
[BlackElo "2397"]
[PlyCount "99"]
[EventDate "2010.08.04"]
[EventType "team"]
[EventRounds "6"]
[EventCountry "ESP"]
[WhiteTeam "C.A. Alzicapital B"]
[BlackTeam "VT Ingenieria-Virgen de Atocha"]

1. e4 e6 2. d4 d5 3. exd5 exd5 4. Nf3 Nc6 5. Bd3 Bd6 6. O-O Nge7 7. Re1 Bg4 8.
c3 Qd7 9. Nbd2 Bf5 10. Nf1 Bxd3 11. Qxd3 f6 12. Ng3 O-O-O 13. Bd2 h5 14. Nh4
Bxg3 15. fxg3 Rdg8 16. Rf1 Kb8 17. Rae1 Rf8 18. Re2 Qe8 19. Rfe1 Qf7 20. Re6
Ne5 21. R6xe5 fxe5 22. dxe5 Qf2+ 23. Kh1 g5 24. Nf3 g4 25. Qd4 Qxd4 26. Nxd4
Nf5 27. Kg1 Nxd4 28. cxd4 Rf5 29. Bf4 Kc8 30. Kf2 c6 31. Ke3 Kd7 32. h4 Ke6 33.
b4 Rc8 34. Rc1 b6 35. Kd3 Rf7 36. Rc3 Rb7 37. a3 a5 38. Be3 b5 39. bxa5 Ra7 40.
Bd2 Rxa5 41. Rxc6+ Rxc6 42. Bxa5 Rc1 43. Bd2 Rb1 44. Kc2 Rg1 45. Bf4 Rxg2+ 46.
Kc3 Rf2 47. Bc1 Rf3+ 48. Kb4 Rxg3 49. Kxb5 Rf3 50. Bd2 0-1

[Event "Campeonato de España por Equip"]
[Site "Granada, Hotel Corona de Grana"]
[Date "2010.08.08"]
[Round "6"]
[White "RABADAN VELASCO, Raul"]
[Black "SANCHEZ SAEZ, Francisco"]
[Result "0-1"]
[WhiteElo "2359"]
[BlackElo "2195"]
[PlyCount "82"]
[EventDate "2010.08.04"]
[EventType "team"]
[EventRounds "6"]
[EventCountry "ESP"]
[WhiteTeam "VT Ingenieria-Virgen de Atocha"]
[BlackTeam "C.A. Alzicapital B"]

1. d4 Nf6 2. c4 g6 3. Nc3 Bg7 4. e4 d6 5. Nge2 O-O 6. Ng3 Nfd7 7. Be2 c5 8. d5
a6 9. O-O b5 10. cxb5 axb5 11. Bxb5 Ba6 12. Bxa6 Nxa6 13. Bg5 h6 14. Be3 Qa5
15. h4 Ne5 16. Qe2 Qb4 17. Rfb1 Qc4 18. h5 Nb4 19. Qd2 Ng4 20. Nge2 Nxe3 21.
fxe3 Nxa2 22. Nxa2 Rxa2 23. Rxa2 Qxa2 24. Qc2 g5 25. Nc1 Qa7 26. Kf2 Rb8 27. b3
Qd7 28. Qe2 Rf8 29. g4 Rb8 30. Kf3 Rb6 31. Qc4 Rb4 32. Qc2 Qb7 33. Nd3 Rb6 34.
Qc4 Ra6 35. b4 Ra3 36. Rb3 Rxb3 37. Qxb3 Qb5 38. Qa3 cxb4 39. Qb3 Bc3 40. Nf2
Qf1 41. Qd1 Be1 0-1

[Event "Campeonato de España por Equip"]
[Site "Granada, Hotel Corona de Grana"]
[Date "2010.08.08"]
[Round "6"]
[White "GERONA MAURA, Jesus"]
[Black "RUBIO MEJIA, Luis Ignacio"]
[Result "0-1"]
[WhiteElo "2044"]
[BlackElo "2354"]
[PlyCount "88"]
[EventDate "2010.08.04"]
[EventType "team"]
[EventRounds "6"]
[EventCountry "ESP"]
[WhiteTeam "C.A. Alzicapital B"]
[BlackTeam "VT Ingenieria-Virgen de Atocha"]

1. e4 c5 2. Nf3 d6 3. d4 cxd4 4. Nxd4 Nf6 5. Nc3 a6 6. f4 e5 7. Nf3 Nbd7 8. Bd3
Be7 9. O-O b5 10. Kh1 Bb7 11. fxe5 dxe5 12. Bg5 O-O 13. Qe2 h6 14. Bh4 Re8 15.
Rad1 b4 16. Nb1 Qc7 17. Nbd2 Nf8 18. Nc4 Ng6 19. Bg3 Bc5 20. Nh4 Nxh4 21. Bxh4
Nd7 22. Qg4 Nf8 23. b3 Ng6 24. Bg3 Rad8 25. Qh5 Bd4 26. Nd2 Bc8 27. Qf3 Bc3 28.
Rf2 Be6 29. Nc4 f6 30. Rdf1 Nf8 31. Ne3 Bd4 32. Re2 Bxe3 33. Qxe3 Bf7 34. Ref2
Ne6 35. Bc4 Qc5 36. Qc1 Ng5 37. Bd3 Qc6 38. Re1 Ne6 39. Rff1 Nc5 40. Qe3 Nxd3
41. cxd3 Qb5 42. Rd1 Rd4 43. Bh4 Red8 44. Rxf6 Rxd3 0-1